000
00283nam a2200109Ia 4500
008
200302s9999 xx 000 0 und d
100
_a
Mark Dudek
245
_a
A Design School and Kindergartens
260
_b
Birkhauser Publishers for Architecture
260
_c
2007
300
_a
255 P.,
999
_c
2820
_d
2820